| 000 | 00000nam##2200000za#4500 |
| 001 | 9.639761 |
| 003 | CaOODSP |
| 005 | 20210624222330 |
| 007 | cr ||||||||||| |
| 008 | 150407|2000||||xxc|||||o f|0| 0 fre|d |
| 040 | |aCaOODSP|bfre |
| 043 | |an-cn--- |
| 086 | 1 |aCi63-18/2000F-PDF |
| 110 | 1 |aCanada. |bCitoyenneté et immigration Canada. |
| 245 | 10|aProcessus d'immigration en adoption internationale / |h[ressource électronique]|c[Publié par le] Citoyenneté et Immigration Canada. |
| 260 | |aOttawa - Ontario : |bCitoyenneté et Immigration Canada |cc2000. |
| 300 | |a28p. |
| 500 | |aLe n° de catalogue (Ci63-18/2000) et l'ISBN (0-662-64903-6) de l'édition imprimée bilingue ont été incorrectement copiés dans cette édition électronique. |
| 590 | |a12-18-Supp|b2012-04-25 |
| 691 | 07|aAdoption internationale|2gcpds |
| 691 | 07|aImmigration|2gcpds |
| 775 | 08|tInternational adoption and the immigration process / |w(CaOODSP)9.695629 |
| 776 | 0#|tInternational adoption and the immigration process |w(CaOODSP)9.661779 |
| 776 | 0#|tProcessus d'immigration en adoption internationale |w(CaOODSP)9.661780 |
| 856 | 40|ahttp://publications.gc.ca|qPDF|s150 Ko|uhttps://publications.gc.ca/collections/Collection/Ci63-18-2000F.pdf |
| 986 | |aC&I-387-03-00 |